Corps & Regiments of the British Army - Statistics

General Stats
  • This quiz has been taken 381 times
    347 since last reset
  • The average score is 7 of 13
Answer Stats
Hint Corps/Regiment % Correct
Aviation Army Air Corps
80%
Special Ops United Kingdom Special Forces
78%
Cannons Royal Regiment of Artillery
74%
Supply Royal Logistics Corps
73%
Radio Royal Corps of Signals
71%
Maintenance Corps of Royal Electrical & Mechanical Engineers
67%
Backbone of the Army Infantry
66%
Sappers Royal Corps of Engineers
64%
Information Intelligence Corps
62%
Cavalry Royal Armoured Corps
38%
Band Corps of Army Music
23%
RMP Adjutant General's Corps
18%
Aid Army Medical Services
15%
No matching quizzes found
Score Distribution
Percent of People with Each Score
Percentile by Number Answered
Your Score History
You have not taken this quiz since the last reset